| 000 | 00356nam a2200145Ia 4500 | ||
|---|---|---|---|
| 003 | GCL | ||
| 008 | 140319s9999 xx 000 0 eng d | ||
| 040 |
_aGCL / _cGCL |
||
| 082 | 0 | 4 |
_a336.20509 _bW L |
| 245 | 1 | 0 | _aLOSSONS OF TAX REFORM |
| 260 |
_a[S.N] : _bWORLD BANK PUBLICATION |
||
| 650 | 0 | 4 | _aTAXATION |
| 650 | 0 | 4 | _aDEVELOPING COUNTRIES |
| 942 |
_2ddc _cBK |
||
| 999 |
_c23426 _d23426 |
||